| 000 | 00467cam a22001571 4500 | ||
|---|---|---|---|
| 082 |
_a607 _bMil _cL-6, P-17 |
||
| 100 | 1 |
_aMills, Henry Robert. _940299 |
|
| 245 | 1 | 0 | _aTechniques of technical training. |
| 260 |
_aLondon, _bCleaver-Hume Press _c[1953] |
||
| 300 |
_a195 p. _billus. _c19 cm. |
||
| 526 |
_a0 _b0 _c0 _d607_000000000000000_MIL |
||
| 650 | 0 |
_aLearning, Psychology of. _94128 |
|
| 650 | 0 |
_aMCE _9379 |
|
| 650 | 0 |
_aTechnical education. _940300 |
|
| 942 |
_2ddc _cBK |
||
| 999 |
_c544621 _d544621 |
||